Quiz sur l'année 2004 - Statistiques

Statistiques générales
  • Ce quiz a été pris 633 fois
  • Le résultat moyen est 13 sur 18
Statistiques - réponses
Indice Réponse % Correct
Site lancé par Mark Zuckerberg depuis sa chambre à Harvard Facebook
98%
Nageuse devenant la deuxième championne olympique française de natation au cours de ces J.O. Laure Manaudou
86%
Début de la diffusion de ce feuilleton marseillais comportant plus de 4000 épisodes Plus belle la vie
84%
Film se déroulant dans un internat, dont est notamment tirée la chanson Vois sur ton chemin Les Choristes
83%
Il est désormais interdit d'en porter à l'école publique en France, suite à une loi votée en février Signes religieux
80%
Président américain réélu pour un second mandat George W. Bush
78%
Catastrophe ayant entrainé plus de 200 000 morts en Asie du Sud-Est le 26 décembre Tsunami
78%
Cette célèbre série de sitcom américaine prend fin, 10 ans après ses débuts Friends
72%
Pilote remportant son 7ème titre de champion du monde de Formule 1 Michael Schumacher
72%
Energie que la France arrête de produire suite à la fermeture du dernier site de production en Moselle Charbon
71%
Nommez l'un des pays ayant rejoint l'Union Européenne en 2004 Pologne, Hongrie... +8
71%
Ville accueillant les jeux olympiques modernes pour la deuxième fois de son histoire Athènes
70%
Sortie au Japon de ce qui est aujourd'hui la console portable la plus vendue au monde Nintendo DS
70%
Citez l'une des deux capitales européennes ayant subi des attentats terroristes notables Madrid | Moscou
69%
Inauguration de ce pont français ayant battu des records du monde de hauteur et de longueur Viaduc de Millau
60%
Pays dans lequel a lieu l'élection controversée de Ianoukovytch, qui provoquera la Révolution orange Ukraine
59%
Le troisième opus de cette saga obtient 11 oscars, égalisant le record de Ben Hur et de Titanic Le Seigneur des Anneaux
49%
Mort de ce chef d'Etat palestinien et prix Nobel de la Paix à Clamart, près de Paris Yasser Arafat
39%
Aucun quiz correspondant
Distribution des résultats
% des personnes avec chaque résultat
Percentile par nombre de réponses
Votre historique - résultats
Vous n’avez pas pris ce quiz